Guadalupe Urbina y el volcán de su canción /
Guardado en:
| Autor principal: | |
|---|---|
| Formato: | Desconocido |
| Lenguaje: | Spanish |
| Materias: | |
| Acceso en línea: | https://revistas.ucr.ac.cr/index.php/herencia/article/view/27174 |
| Etiquetas: |
Agregar Etiqueta
Sin Etiquetas, Sea el primero en etiquetar este registro!
|
MARC
| LEADER | 000000000a22000000004500 | ||
|---|---|---|---|
| 001 | 007874 | ||
| 008 | 170825b xxu||||| |||| 00| 0 spa d | ||
| 041 | 0 | |a spa | |
| 100 | 1 | |a Cortés Pacheco, María Lourdes | |
| 245 | 1 | 0 | |a Guadalupe Urbina y el volcán de su canción / |c María Lourdes Cortés Pacheco. |
| 300 | |a páginas 76-80 | ||
| 310 | |a Semestral | ||
| 650 | 4 | |a MUSICA POPULAR | |
| 650 | 4 | |a COSTA RICA | |
| 650 | 4 | |a URBINA, GUADALUPE | |
| 650 | 4 | |a GUANACASTE, (COSTA RICA) | |
| 773 | 0 | |d San José, Costa Rica : Editorial de la Universidad de Costa Rica |t Herencia |g volumen 2, número 1 (1990), páginas 76-80 | |
| 856 | 4 | |u https://revistas.ucr.ac.cr/index.php/herencia/article/view/27174 | |
| 942 | |c ARC |2 ddc | ||
| 999 | |c 14740 |d 14740 | ||
